000
00229nam a2200121Ia 4500
100
_a
#N/A
650
_a
Computer/ IT
942
_c
BK
654
_a
brain
245
_a
Brain Teasers - Vol 1
260
_b
#N/A
546
_a
ENGLISH
999
_c
31264
_d
31264